| 000 | 01293nam a22002417a 4500 | ||
|---|---|---|---|
| 999 |
_c21123 _d21123 |
||
| 003 | AR-CdUCM | ||
| 008 | 190318b ||||| |||| 00| 0 spa d | ||
| 040 |
_aMUNICIPALIDAD PROVINCIAL DEL CUSCO _cBIBLIOTECA MUNICIPAL DEL CUSCO |
||
| 041 | _hfr. | ||
| 082 |
_a920.7 / _bC79 |
||
| 100 |
_aCordier, Jacques _918430 |
||
| 245 | _aJuana de Arco / | ||
| 260 |
_aMéxico : _bGrijalbo, _c1959. |
||
| 300 |
_a335 páginas ; _c21 cm. |
||
| 440 |
_aGrandes Figuras Historicas _918328 |
||
| 505 | _aContenido : t.1.- Grandes figuras de la historia (Leopold Von Ranke) -- t.2.- Alejandro El Grande (León Homo) -- t.3.- Nerón (Gérard Walter) -- t.4.- Juana de Arco, su personalidad. Su papel histórico (Jacques Cordier) -- t.5.- Maria Estuardo (Paule Henry-Bordeaux) -- t.6.- Horacio Nelson. Un estudio del almirante (Renalt Capes) -- t.7.- Soliman El Magnífico sultan del este -- t.8.- Julio Cesar (Gérard Walter) -- t.9.- Anibal de Cartago (Mary Dolan) -- t.10.- Pericles. Una experiencia de democracia dirigida (León Homo) -- t.11.- Carlomagno. La leyenda y el hombre (Harold Lamb) -- t.12.- Maria Antonieta (Gérard Walter). | ||
| 650 |
_aBirografias _918431 |
||
| 650 |
_aMujeres _93760 |
||
| 650 |
_aHistoria _944044 |
||
| 650 |
_aHombres _9982 |
||
| 942 |
_2ddc _cLIBROS |
||
| 945 | _arjall | ||